000
00266nam a2200109Ia 4500
005
20251222154356.0
008
251222s9999||||xx |||||||||||||| ||spa||
082
_a
150.195/F83
100
_a
"Freud, Sigmund"
245
0
_a
Introducción al psicoanálisis
942
_c
LIB
999
_c
35114
_d
35114